[Event "Guernsey Open XXIX"]
[Site "St Peter Port GCI"]
[Date "2003.10.21"]
[Round "3"]
[White "Lock, Gavin R"]
[Black "Kahar, Krunal"]
[Result "1/2-1/2"]
[WhiteElo "2161"]
[BlackElo "2185"]
[PlyCount "79"]
[EventDate "2003.10.19"]

1. Nf3 c5 2. c4 Nf6 3. Nc3 Nc6 4. g3 g6 5. Bg2 Bg7 6. d4 cxd4 7. Nxd4 O-O 8.
O-O Nxd4 9. Qxd4 d6 10. Qd3 Rb8 11. Bd2 a6 12. c5 dxc5 13. Qxd8 Rxd8 14. Bf4
Be6 15. Bxb8 Rxb8 16. Rac1 b5 17. Rfd1 a5 18. Bc6 b4 19. Na4 c4 20. Nc5 c3 21.
Nxe6 cxb2 22. Rb1 fxe6 23. Rxb2 Ne4 24. Bxe4 Bxb2 25. Bc2 Ra8 26. Ba4 Kf7 27.
Rd7 Be5 28. Rb7 Bd6 29. Rb5 Kf6 30. Kg2 h6 31. Kf3 Rc8 32. Bb3 Rc3+ 33. e3 Bc7
34. Rb7 Rc5 35. Ke4 Bd6 36. Ra7 h5 37. h4 g5 38. hxg5+ Rxg5 39. Kf3 Rc5 40. Ra8
1/2-1/2

[Event "Guernsey Open XXIX"]
[Site "St Peter Port GCI"]
[Date "2003.10.21"]
[Round "3"]
[White "Thurlow, Kevin J"]
[Black "Ellison, Derek George"]
[Result "1/2-1/2"]
[WhiteElo "2203"]
[BlackElo "2116"]
[PlyCount "38"]
[EventDate "2003.10.19"]

1. Nf3 Nf6 2. b3 g6 3. Bb2 Bg7 4. c4 c5 5. e3 O-O 6. Be2 e6 7. O-O d5 8. d4
Nbd7 9. Nc3 dxc4 10. bxc4 a6 11. Ba3 Re8 12. Rb1 b6 13. Ne5 Nxe5 14. dxe5 Nd7
15. f4 Bb7 16. Bf3 Qc7 17. Ne4 Bxe4 18. Bxe4 Rad8 19. Qf3 Nb8 1/2-1/2

[Event "Guernsey Open XXIX"]
[Site "St Peter Port GCI"]
[Date "2003.10.21"]
[Round "3"]
[White "Ozanne, Mark S"]
[Black "Dennis, Nigel W"]
[Result "1-0"]
[WhiteElo "2162"]
[BlackElo "2070"]
[PlyCount "133"]
[EventDate "2003.10.19"]

1. d4 Nf6 2. c4 g6 3. Nc3 Bg7 4. e4 d6 5. Be2 O-O 6. Bg5 c5 7. d5 e6 8. Qd2
exd5 9. cxd5 Re8 10. f4 a6 11. Nf3 h6 12. Bh4 Bg4 13. a4 Bxf3 14. Bxf3 Nxe4 15.
Nxe4 Qxh4+ 16. g3 Qe7 17. O-O f5 18. Nc3 Nd7 19. Rfe1 Qf7 20. Re6 Nb6 21. Qe2
Rxe6 22. dxe6 Qe7 23. a5 Bxc3 24. bxc3 Nc8 25. Rb1 Rb8 26. Bd5 Kg7 27. Rb3 Qc7
28. Qb2 Ne7 29. c4+ Kh7 30. Rxb7 Rxb7 31. Qxb7 Nxd5 32. Qxd5 Kg7 33. Qa8 Kf6
34. Qxa6 Kxe6 35. Qb5 Ke7 36. a6 Kd8 37. Kf2 Qa7 38. Ke2 Kc7 39. Kd3 Qb6 40.
Kc3 Qxb5 41. cxb5 Kb6 42. Kc4 g5 43. h3 gxf4 44. gxf4 h5 45. h4 Ka7 46. Kd5 Kb6
47. Kc4 Ka7 48. Kd5 Kb6 49. Kxd6 c4 50. a7 Kxa7 51. Kc7 c3 52. b6+ Ka6 53. b7
c2 54. b8=Q c1=Q+ 55. Kd7 Qh1 56. Qd6+ Kb5 57. Qe5+ Kc4 58. Qe2+ Kd4 59. Qe5+
Kc4 60. Qe6+ Qd5+ 61. Ke7 Kd4 62. Qxd5+ Kxd5 63. Kf6 Ke4 64. Kg5 Kf3 65. Kxf5
Kg3 66. Kg5 Kf3 67. f5 1-0

[Event "Guernsey Open XXIX"]
[Site "St Peter Port GCI"]
[Date "2003.10.22"]
[Round "4"]
[White "Hillarp Persson, Tiger"]
[Black "Webster, Andrew"]
[Result "1-0"]
[WhiteElo "2461"]
[BlackElo "2415"]
[PlyCount "63"]
[EventDate "2003.10.19"]

1. d4 d6 2. e4 g6 3. c4 Bg7 4. Nc3 Nf6 5. h3 O-O 6. Bg5 c5 7. d5 e6 8. Bd3 exd5
9. cxd5 Re8 10. Nf3 c4 11. Bc2 b5 12. a3 Na6 13. O-O Rb8 14. Re1 Nc5 15. e5
dxe5 16. Nxe5 Bb7 17. Qd2 a5 18. Ng4 Qb6 19. Bxf6 Bxf6 20. Re6 Rxe6 21. dxe6
Qxe6 22. Re1 Qc6 23. Nd5 Bh4 24. Qd4 h5 25. Ngf6+ Bxf6 26. Nxf6+ Kg7 27. Nxh5+
Kh6 28. Qg7+ Kg5 29. Re5+ Kh4 30. g3+ Kxh3 31. Bf5+ gxf5 32. Nf4# 1-0

[Event "Guernsey Open XXIX"]
[Site "St Peter Port GCI"]
[Date "2003.10.22"]
[Round "4"]
[White "Bellin, Robert"]
[Black "Gwaze, Robert"]
[Result "1/2-1/2"]
[WhiteElo "2360"]
[BlackElo "2340"]
[PlyCount "59"]
[EventDate "2003.10.19"]

1. e4 c5 2. Nf3 e6 3. d4 cxd4 4. Nxd4 a6 5. Bd3 Nc6 6. Be3 Qc7 7. O-O Nf6 8.
Nxc6 bxc6 9. c4 c5 10. Nc3 d6 11. f4 Be7 12. Qf3 O-O 13. Rae1 Rb8 14. Bc1 Ne8
15. e5 f5 16. Qh3 g6 17. b3 Rf7 18. Bb2 dxe5 19. fxe5 Ng7 20. Nd5 Qd8 21. Nxe7+
Rxe7 22. Qe3 Qa5 23. Bb1 Rd7 24. Rd1 Rbb7 25. Rd6 Re7 26. Bc3 Qc7 27. Rfd1 Ne8
28. Be1 Rb8 29. Bc2 Bb7 30. Bh4 1/2-1/2

[Event "Guernsey Open XXIX"]
[Site "St Peter Port GCI"]
[Date "2003.10.22"]
[Round "4"]
[White "Ballon, Guenther Jan"]
[Black "Van Herck, Marcel"]
[Result "1/2-1/2"]
[WhiteElo "2215"]
[BlackElo "2215"]
[PlyCount "134"]
[EventDate "2003.10.19"]

1. d4 Nf6 2. c4 g6 3. Nc3 Bg7 4. e4 d6 5. f3 c6 6. Be3 Nbd7 7. Qd2 a6 8. Nh3 b5
9. Nf2 O-O 10. Rc1 Bb7 11. b3 e5 12. dxe5 dxe5 13. Be2 Qe7 14. O-O Rfd8 15. Qc2
Ne8 16. cxb5 axb5 17. a4 bxa4 18. Nxa4 Ba6 19. Bxa6 Rxa6 20. Rfd1 Nc7 21. Qc4
Rda8 22. Nd3 Bf8 23. Nac5 Nxc5 24. Nxc5 R6a7 25. Nd7 Ra2 26. Nxf8 Qxf8 27. Qxc6
Ne6 28. Qc3 Qa3 29. Rc2 Rb8 30. Rxa2 Qxa2 31. b4 Qe2 32. Re1 Nd4 33. Kh1 Qb5
34. Bxd4 exd4 35. Qxd4 Qxb4 36. Qxb4 Rxb4 37. Kg1 h5 38. h4 Kg7 39. Kf2 Rb3 40.
Re2 Ra3 41. Kg3 Rb3 42. Ra2 Rc3 43. Kf4 Rc5 44. Re2 Ra5 45. Rb2 Rc5 46. Rb3 Rc2
47. g3 Rc5 48. Rd3 Ra5 49. Re3 Rb5 50. Re1 Ra5 51. Rg1 Ra2 52. Rb1 Ra5 53. Rb7
Ra1 54. Rc7 Re1 55. Rd7 Re2 56. e5 Re1 57. Rd4 Re2 58. Ra4 Re1 59. Re4 Ra1 60.
Kg5 Ra5 61. Kf4 Ra1 62. e6 fxe6 63. Rxe6 Ra5 64. g4 hxg4 65. fxg4 Rb5 66. Re5
Rb7 67. Kg5 Ra7 1/2-1/2

[Event "Guernsey Open XXIX"]
[Site "St Peter Port GCI"]
[Date "2003.10.22"]
[Round "4"]
[White "Brown, Alan M"]
[Black "Burrows, M.."]
[Result "1-0"]
[WhiteElo "2128"]
[BlackElo "2196"]
[PlyCount "53"]
[EventDate "2003.10.19"]

1. d4 Nf6 2. c4 g6 3. Nc3 Bg7 4. e4 d6 5. Be2 O-O 6. Bg5 Na6 7. f4 c5 8. d5 Nc7
9. Nf3 Bg4 10. Nd2 Bxe2 11. Qxe2 h6 12. Bxf6 Bxf6 13. e5 Bg7 14. O-O b5 15.
Rad1 b4 16. Ncb1 Na6 17. Nf3 Qc7 18. Nbd2 Rae8 19. Rfe1 Kh7 20. Qd3 f5 21. exf6
Rxf6 22. Ne4 Rf5 23. Nh4 Bd4+ 24. Kh1 Rxf4 25. Ng5+ hxg5 26. Qxg6+ Kh8 27.
Qxe8+ 1-0

[Event "Guernsey Open XXIX"]
[Site "St Peter Port GCI"]
[Date "2003.10.22"]
[Round "4"]
[White "Ruston, Mark R"]
[Black "Rosen, Daniel B"]
[Result "1-0"]
[WhiteElo "2065"]
[BlackElo "2201"]
[PlyCount "71"]
[EventDate "2003.10.19"]

1. e4 g6 2. Nc3 Bg7 3. d4 d6 4. Be3 c6 5. a4 Nf6 6. h3 Nbd7 7. Nf3 b6 8. e5 Ng8
9. exd6 exd6 10. d5 c5 11. Bb5 Ngf6 12. Bc6 Ba6 13. Nb5 O-O 14. Bxa8 Qxa8 15.
c4 Ne4 16. Qc2 f5 17. Nc7 Qc8 18. Ne6 Re8 19. Nxg7 Kxg7 20. O-O Qd8 21. Qc1 Ne5
22. Nxe5 dxe5 23. a5 f4 24. axb6 Qxb6 25. Bd2 Bxc4 26. Qxc4 Nxd2 27. Qa4 Re7
28. Rfd1 Nb3 29. d6 Rb7 30. d7 Qd8 31. Qe4 Rxd7 32. Qxe5+ Kh6 33. Rxd7 Qxd7 34.
Qxf4+ Kg7 35. Qe5+ Kh6 36. Qe3+ 1-0

[Event "Guernsey Open XXIX"]
[Site "St Peter Port GCI"]
[Date "2003.10.22"]
[Round "4"]
[White "Ippel, Cornelius J"]
[Black "Wismayer, Clive R"]
[Result "0-1"]
[WhiteElo "2108"]
[BlackElo "2088"]
[PlyCount "72"]
[EventDate "2003.10.19"]

1. Nc3 d5 2. e4 e6 3. Nf3 Nf6 4. e5 Nfd7 5. d4 Be7 6. Be3 O-O 7. h4 c5 8. Ne2
Qb6 9. Qc1 f6 10. Rh3 fxe5 11. Nxe5 Nxe5 12. dxe5 Nc6 13. f4 Bd7 14. g4 Rac8
15. g5 d4 16. Bd2 c4 17. Bg2 Bc5 18. Be4 d3 19. cxd3 cxd3 20. Bxd3 Bf2+ 21. Kf1
Nxe5 22. Qb1 Nxd3 23. Qxd3 Bb5 24. Qf3 Bd4 25. Rb1 Rc2 26. Ke1 Bxb2 27. Qb3
Rxf4 28. Re3 Qc6 29. Qxe6+ Qxe6 30. Rxe6 Rxh4 31. Ng3 Rh2 32. Rd6 Rg2 33. Nf5
Rg1+ 34. Kf2 Rxb1 35. Rd8+ Kf7 36. Ke3 Ba3 0-1

[Event "Guernsey Open XXIX"]
[Site "St Peter Port GCI"]
[Date "2003.10.22"]
[Round "4"]
[White "Ellison, Derek George"]
[Black "Ozanne, Mark S"]
[Result "1-0"]
[WhiteElo "2116"]
[BlackElo "2162"]
[PlyCount "73"]
[EventDate "2003.10.19"]

1. e4 e6 2. d4 d5 3. e5 c5 4. c3 Qb6 5. Nf3 Nc6 6. a3 Nh6 7. b4 cxd4 8. cxd4
Nf5 9. Be3 Bd7 10. Nc3 Be7 11. Na4 Qd8 12. Bd3 Nxe3 13. fxe3 O-O 14. O-O f6 15.
b5 Na5 16. exf6 Bxf6 17. Nc5 b6 18. Nxd7 Qxd7 19. Qe2 Rac8 20. Rac1 Qd6 21. Qb2
Be7 22. Rxc8 Rxc8 23. Qb1 Bf6 24. Bxh7+ Kf8 25. Ne5 Ke7 26. Qg6 Rf8 27. Rxf6
gxf6 28. Qg7+ Ke8 29. Bg6+ Kd8 30. Nf7+ Rxf7 31. Qxf7 f5 32. Qe8+ Kc7 33. Bf7
Qxa3 34. Qxe6 Qc1+ 35. Kf2 Nc4 36. Qe7+ Kb8 37. Qd8+ 1-0

[Event "Guernsey Open XXIX"]
[Site "St Peter Port GCI"]
[Date "2003.10.22"]
[Round "4"]
[White "Tan, HB.."]
[Black "Morcom, HC.."]
[Result "0-1"]
[WhiteElo "2149"]
[BlackElo "2020"]
[PlyCount "48"]
[EventDate "2003.10.19"]

1. e4 c5 2. d4 cxd4 3. c3 d3 4. c4 g6 5. Bd2 Bg7 6. Bc3 f6 7. Bxd3 Nc6 8. h4
Ne5 9. Bxe5 fxe5 10. h5 g5 11. h6 Bxh6 12. Qh5+ Kf8 13. Rh3 Kg7 14. Nf3 e6 15.
Nxe5 Qa5+ 16. Nc3 Qxe5 17. f4 Qxf4 18. Rf3 Qh4+ 19. Qxh4 gxh4 20. Ke2 e5 21.
Raf1 Bf4 22. Rxf4 exf4 23. Rxf4 d6 24. Nb5 Nh6 0-1

[Event "Guernsey Open XXIX"]
[Site "St Peter Port GCI"]
[Date "2003.10.23"]
[Round "5"]
[White "Gwaze, Robert"]
[Black "Hillarp Persson, Tiger"]
[Result "1/2-1/2"]
[WhiteElo "2340"]
[BlackElo "2461"]
[PlyCount "41"]
[EventDate "2003.10.19"]

1. e4 g6 2. d4 Bg7 3. Nc3 d6 4. Be3 a6 5. Qd2 Nd7 6. h4 h5 7. O-O-O b5 8. Kb1
Bb7 9. f3 Rc8 10. Nh3 c5 11. dxc5 Nxc5 12. Bd4 Nf6 13. Nd5 Bxd5 14. exd5 b4 15.
Nf4 Qb6 16. Bc4 a5 17. Qe2 Rc7 18. Nd3 O-O 19. g4 Rfc8 20. Nxc5 Rxc5 21. Rhg1
1/2-1/2

[Event "Guernsey Open XXIX"]
[Site "St Peter Port GCI"]
[Date "2003.10.23"]
[Round "5"]
[White "Wismayer, Clive R"]
[Black "Bellin, Robert"]
[Result "1/2-1/2"]
[WhiteElo "2088"]
[BlackElo "2360"]
[PlyCount "72"]
[EventDate "2003.10.19"]

1. e4 c5 2. Nf3 d6 3. d4 cxd4 4. Nxd4 Nf6 5. Nc3 g6 6. g3 Nc6 7. Nde2 Bg7 8.
Bg2 O-O 9. O-O Rb8 10. a4 a6 11. h3 b5 12. axb5 axb5 13. Re1 b4 14. Nd5 Nd7 15.
c3 bxc3 16. bxc3 Nc5 17. Nd4 Bd7 18. Bg5 f6 19. Nxc6 Bxc6 20. Be3 Kh8 21. h4
Qd7 22. h5 g5 23. h6 Bxh6 24. Qh5 Bg7 25. Bh3 Qe8 26. Qxe8 Rfxe8 27. Bxc5 dxc5
28. Nc7 Red8 29. Ne6 Rd6 30. Reb1 Re8 31. Bf5 Bd7 32. Nxc5 e6 33. e5 Rd5 34.
Nxd7 Rxd7 35. Bxe6 Rde7 36. Bf5 fxe5 1/2-1/2

[Event "Guernsey Open XXIX"]
[Site "St Peter Port GCI"]
[Date "2003.10.23"]
[Round "5"]
[White "Van Herck, Marcel"]
[Black "Ruston, Mark R"]
[Result "1-0"]
[WhiteElo "2215"]
[BlackElo "2065"]
[PlyCount "100"]
[EventDate "2003.10.19"]

1. e4 e6 2. d4 d5 3. Nc3 Nf6 4. Bg5 Be7 5. e5 Nfd7 6. Bxe7 Qxe7 7. f4 O-O 8.
Nf3 c5 9. dxc5 Nc6 10. Qd2 f6 11. exf6 Qxf6 12. g3 Nxc5 13. O-O-O Rd8 14. Bd3
a6 15. Rhe1 b5 16. Ne5 Bb7 17. Nxc6 Bxc6 18. Qf2 Nxd3+ 19. Rxd3 b4 20. Nb1 Bb5
21. Rd4 a5 22. Qe3 Ra6 23. Nd2 Rc8 24. Nf3 Bc4 25. Kb1 a4 26. Ne5 b3 27. Nxc4
bxa2+ 28. Kxa2 dxc4 29. Qe5 Qxe5 30. Rxe5 Rb6 31. c3 Kf7 32. Rd7+ Kg8 33. Ra7
Rd8 34. Re2 Rbd6 35. Rxa4 Rd2 36. Rxd2 Rxd2 37. Rxc4 Rxh2 38. Re4 Kf7 39. Ka3
Rh3 40. g4 g6 41. Kb4 Rh4 42. g5 e5 43. Rxe5 Rxf4+ 44. Kc5 Rf5 45. Rxf5+ gxf5
46. b4 Kg6 47. b5 f4 48. Kd4 Kxg5 49. b6 f3 50. Ke3 Kg4 1-0

[Event "Guernsey Open XXIX"]
[Site "St Peter Port GCI"]
[Date "2003.10.23"]
[Round "5"]
[White "Goldberg, Menashe G"]
[Black "Ellison, Derek George"]
[Result "0-1"]
[WhiteElo "2018"]
[BlackElo "2116"]
[PlyCount "100"]
[EventDate "2003.10.19"]

1. e4 c5 2. Nc3 Nc6 3. f4 g6 4. Nf3 Bg7 5. Bc4 e6 6. O-O Nge7 7. d3 d5 8. Bb3
O-O 9. Qe1 Na5 10. Qh4 Nxb3 11. axb3 Nc6 12. Qh3 Nd4 13. Nxd4 cxd4 14. Nd1 dxe4
15. dxe4 Bd7 16. Nf2 Bc6 17. f5 exf5 18. exf5 gxf5 19. Qxf5 Qd5 20. Qxd5 Bxd5
21. Ng4 Be4 22. Nh6+ Bxh6 23. Bxh6 Rfc8 24. Ra4 Rxc2 25. Rf2 Rd8 26. Rxa7 d3
27. Rd2 Rdc8 28. g3 Rxd2 29. Bxd2 Rc2 30. Bc3 f5 31. Ra8+ Kf7 32. Rd8 Rg2+ 33.
Kf1 Rxh2 34. Ke1 Ke7 35. Rg8 Kf7 36. Rg7+ Ke6 37. Rg8 Kd7 38. Rg7+ Kd6 39. Rg8
Rg2 40. Rg7 Re2+ 41. Kd1 Bf3 42. Bb4+ Kc6 43. Kc1 Rc2+ 44. Kb1 Rh2 45. Kc1 Be4
46. Kd1 Rxb2 47. Rxh7 Rxb3 48. Be7 Rb1+ 49. Kd2 Rb2+ 50. Ke3 Re2+ 0-1

[Event "Guernsey Open XXIX"]
[Site "St Peter Port GCI"]
[Date "2003.10.23"]
[Round "5"]
[White "De Kruif, Kees"]
[Black "Havenaar, Jan"]
[Result "0-1"]
[WhiteElo "2148"]
[BlackElo "2218"]
[PlyCount "76"]
[EventDate "2003.10.19"]

1. a3 f5 2. e4 fxe4 3. d3 exd3 4. Bxd3 Nf6 5. Bg5 g6 6. f4 Nc6 7. f5 Ne5 8.
fxg6 hxg6 9. Nf3 Nxf3+ 10. Qxf3 Kf7 11. Nc3 c6 12. Rf1 d5 13. O-O-O Qd6 14.
Rde1 Rxh2 15. Bf4 Qxf4+ 16. Qxf4 Bh6 17. Qxh6 Rxh6 18. Re5 Rh5 19. Re2 Bg4 20.
Ref2 Rah8 21. Ne2 Bxe2 22. Rxe2 Rh1 23. Rxh1 Rxh1+ 24. Kd2 Ng4 25. c4 e5 26.
cxd5 cxd5 27. Kc3 g5 28. Bf5 Ne3 29. Bc8 b6 30. Kd3 Nc4 31. Ba6 Rd1+ 32. Kc2
Rg1 33. b3 Na5 34. b4 Nc6 35. Kc3 Ke6 36. Bc8+ Kd6 37. Rf2 Nd4 38. Rf6+ Ke7 0-1

[Event "Guernsey Open XXIX"]
[Site "St Peter Port GCI"]
[Date "2003.10.23"]
[Round "5"]
[White "Burrows, M.."]
[Black "Rowe, Peter"]
[Result "1-0"]
[WhiteElo "2196"]
[BlackElo "2085"]
[PlyCount "45"]
[EventDate "2003.10.19"]

1. e4 c5 2. Nf3 Nc6 3. d4 cxd4 4. Nxd4 Nf6 5. Nc3 e5 6. Ndb5 d6 7. Bg5 a6 8.
Na3 b5 9. Bxf6 gxf6 10. Nd5 f5 11. c3 fxe4 12. Bxb5 Bd7 13. Ba4 Rg8 14. g3 Rg6
15. Nc4 Rb8 16. h4 f5 17. Qh5 Na5 18. Bxd7+ Kxd7 19. Qxh7+ Ke6 20. Nf4+ exf4
21. Qxg6+ Kd5 22. Nxa5 Rxb2 23. Qxf5# 1-0

[Event "Guernsey Open XXIX"]
[Site "St Peter Port GCI"]
[Date "2003.10.23"]
[Round "5"]
[White "Dorrington, Christopher"]
[Black "Ippel, Cornelius J"]
[Result "1-0"]
[WhiteElo "2218"]
[BlackElo "2108"]
[PlyCount "105"]
[EventDate "2003.10.19"]

1. e4 e6 2. d3 d5 3. Nd2 Nf6 4. Ngf3 Nc6 5. c3 dxe4 6. dxe4 a6 7. Qc2 e5 8. Bc4
Bc5 9. O-O O-O 10. h3 Qe7 11. Re1 Nd8 12. a4 Ne6 13. b4 Ba7 14. Nxe5 c5 15. b5
Bb8 16. Nef3 Nf4 17. Nf1 N6h5 18. Bxf4 Nxf4 19. e5 axb5 20. Bxb5 Bxh3 21. gxh3
Nxh3+ 22. Kh1 Qe6 23. N1h2 c4 24. Rad1 Ba7 25. Rd6 Nxf2+ 26. Qxf2 Bxf2 27. Rxe6
Bxe1 28. Re7 Bxc3 29. Bxc4 h6 30. Bb3 b6 31. e6 fxe6 32. Rxe6 Kh8 33. Rxb6 Rae8
34. Re6 Rb8 35. Bc4 Rb4 36. Bb5 Rd8 37. Kg2 Rb2+ 38. Kg3 Ba5 39. Ng4 Bc7+ 40.
Kh4 Rf8 41. Nfe5 Bd8+ 42. Kh5 Rf5+ 43. Kg6 Rg5+ 44. Kf7 Rf5+ 45. Ke8 Bf6 46.
Nf7+ Kg8 47. Ngxh6+ gxh6 48. Nxh6+ Kg7 49. Nxf5+ Kg6 50. Nd6 Kg7 51. a5 Rh2 52.
Kd7 Rh8 53. Ne8+ 1-0

[Event "Guernsey Open XXIX"]
[Site "St Peter Port GCI"]
[Date "2003.10.23"]
[Round "5"]
[White "Rosen, Daniel B"]
[Black "Morcom, HC.."]
[Result "1-0"]
[WhiteElo "2201"]
[BlackElo "2020"]
[PlyCount "63"]
[EventDate "2003.10.19"]

1. e4 c5 2. Nc3 d6 3. f4 g6 4. Nf3 Bg7 5. Bc4 Nc6 6. O-O e6 7. d3 a6 8. Bb3 Na5
9. Qe1 Nxb3 10. axb3 Ne7 11. e5 Rb8 12. Ne4 Nf5 13. g4 d5 14. Nxc5 Nh6 15. h3
Ng8 16. d4 Ne7 17. Be3 h5 18. Bf2 hxg4 19. hxg4 Ra8 20. Kg2 b6 21. Nd3 Qc7 22.
c3 Bd7 23. Rh1 Rg8 24. Bh4 Bb5 25. Nf2 a5 26. Ng5 Rh8 27. Bg3 Rg8 28. Rh7 Qc6
29. Qh1 Kf8 30. Qh4 a4 31. Nxf7 axb3 32. Nd6 1-0

[Event "Guernsey Open XXIX"]
[Site "St Peter Port GCI"]
[Date "2003.10.23"]
[Round "5"]
[White "Burton, Ronnie"]
[Black "Ozanne, Mark S"]
[Result "1/2-1/2"]
[WhiteElo "2054"]
[BlackElo "2162"]
[PlyCount "152"]
[EventDate "2003.10.19"]

1. d4 Nf6 2. Nf3 g6 3. Nc3 d5 4. Bf4 Bg7 5. e3 O-O 6. Ne5 c5 7. Be2 Nc6 8. h4
Qa5 9. Nxc6 bxc6 10. Qd2 Nd7 11. h5 e5 12. dxe5 Nxe5 13. hxg6 fxg6 14. Bh6 d4
15. exd4 cxd4 16. Bxg7 dxc3 17. bxc3 Rf7 18. Bxe5 Qxe5 19. O-O Be6 20. Rae1 Qc7
21. c4 Raf8 22. Qe3 Bd7 23. Bd3 Re8 24. Qc5 Ref8 25. Qe5 Qxe5 26. Rxe5 Re8 27.
Rfe1 Rxe5 28. Rxe5 Kf8 29. Ra5 Be6 30. f3 Rc7 31. Kf2 c5 32. Ke3 Ke7 33. Kd2
Kd6 34. Ra6+ Ke7 35. Kc3 Bc8 36. Ra3 Kd6 37. Be4 Ke5 38. g3 g5 39. Bd5 h5 40.
Kd2 h4 41. Re3+ Kf6 42. gxh4 gxh4 43. Re2 Rh7 44. Rh2 Kg5 45. Ke3 Re7+ 46. Kf2
h3 47. Be4 Kf4 48. Rh1 Rd7 49. Rxh3 Rd2+ 50. Ke1 Rxc2 51. Rh4+ Kg5 52. Bxc2
Kxh4 53. Kf2 Kg5 54. Ke3 Be6 55. Bd3 Kf6 56. f4 Bf7 57. Kd2 Be6 58. Kc3 Bd7 59.
Be4 Ba4 60. Kd3 Bd7 61. Bd5 Bf5+ 62. Ke3 Bd7 63. Bg8 Bf5 64. Bd5 Bd7 65. Bb7
Be6 66. Ba6 Kf5 67. a3 Bd7 68. Bb7 Be6 69. Bd5 Bd7 70. Bg8 Kf6 71. Ke4 Bc6+ 72.
Bd5 Bd7 73. Bb7 Be6 74. Ba6 Bf7 75. f5 Bg8 76. Bb5 Bf7 1/2-1/2

[Event "Guernsey Open XXIX"]
[Site "St Peter Port GCI"]
[Date "2003.10.24"]
[Round "6"]
[White "Van Herck, Marcel"]
[Black "Webster, Andrew"]
[Result "1/2-1/2"]
[WhiteElo "2215"]
[BlackElo "2415"]
[PlyCount "101"]
[EventDate "2003.10.19"]

1. e4 g6 2. d4 Bg7 3. Nf3 d6 4. Be2 Nf6 5. Nc3 c6 6. O-O O-O 7. a4 d5 8. e5 Ne4
9. Nxe4 dxe4 10. Ng5 c5 11. Be3 cxd4 12. Bxd4 Nc6 13. Bc3 Qc7 14. Nxe4 Bxe5 15.
Bxe5 Qxe5 16. Nc3 Bf5 17. Bf3 Rfd8 18. Qe1 Qc5 19. Bxc6 bxc6 20. Rc1 Rab8 21.
b3 h5 22. Qe3 Qxe3 23. fxe3 Rd2 24. Rf2 Rbd8 25. e4 Bc8 26. Rcf1 Rxf2 27. Rxf2
a5 28. Kf1 Ba6+ 29. Ke1 Kg7 30. Rd2 Rxd2 31. Kxd2 Bf1 32. g3 Kf6 33. Nd1 Ke5
34. Ke3 Kd6 35. c3 c5 36. Nf2 e5 37. h4 f6 38. Kf3 Ke6 39. Ke3 Ke7 40. Kd2 Kd6
41. Ke3 Ba6 42. Nd1 Bc8 43. c4 f5 44. Nc3 Bb7 45. Nd5 Bc6 46. Ke2 fxe4 47. Ne3
Bd7 48. Kf2 Bh3 49. Ke2 Bf5 50. Kf2 Ke6 51. Ke1 1/2-1/2

[Event "Guernsey Open XXIX"]
[Site "St Peter Port GCI"]
[Date "2003.10.24"]
[Round "6"]
[White "Kahar, Krunal"]
[Black "Gwaze, Robert"]
[Result "1-0"]
[WhiteElo "2185"]
[BlackElo "2340"]
[PlyCount "52"]
[EventDate "2003.10.19"]

1. Nf3 Nf6 2. b3 d5 3. e3 Nbd7 4. Bb2 e6 5. Be2 Bd6 6. d4 O-O 7. O-O a5 8. a4
c6 9. Nbd2 Qc7 10. c4 Qb8 11. Qc2 Re8 12. Bd3 h6 13. Rae1 Bb4 14. Re2 dxc4 15.
Nxc4 Nd5 16. Nfe5 N7f6 17. f4 Be7 18. Qd1 Nb4 19. Bb1 b5 20. g4 bxc4 21. g5 Kf8
22. Rg2 Nbd5 23. bxc4 Nxe3 24. gxf6 Nxd1 25. Rxg7 Qxe5 26. fxe5 Rd8 1-0

[Event "Guernsey Open XXIX"]
[Site "St Peter Port GCI"]
[Date "2003.10.24"]
[Round "6"]
[White "Havenaar, Jan"]
[Black "Wismayer, Clive R"]
[Result "0-1"]
[WhiteElo "2218"]
[BlackElo "2088"]
[PlyCount "80"]
[EventDate "2003.10.19"]

1. Nc3 d5 2. e4 e6 3. d4 dxe4 4. Nxe4 Bd7 5. Nf3 Bc6 6. Bd3 Nd7 7. O-O Ngf6 8.
Qe2 Be7 9. Rd1 O-O 10. Bd2 a5 11. Ne5 Bxe4 12. Bxe4 Nxe4 13. Qxe4 c6 14. c4
Nxe5 15. dxe5 Qc7 16. Bc3 Rfd8 17. Kf1 Bc5 18. b3 g6 19. Qh4 Rd7 20. f4 Rad8
21. Ke2 b5 22. g4 b4 23. Bb2 Qa7 24. f5 Be7 25. Qg3 Bg5 26. Rd6 Be7 27. Rad1
Bxd6 28. exd6 Qc5 29. Rd5 exd5 30. Qe5 f6 31. Qxf6 Qxd6 32. Qh8+ Kf7 33. Qxh7+
Ke8 34. Qg8+ Qf8 35. Qxg6+ Qf7 36. Qxc6 dxc4 37. bxc4 Qe7+ 38. Kf3 Qd6 39. Qxd6
Rxd6 40. g5 Rd2 0-1

[Event "Guernsey Open XXIX"]
[Site "St Peter Port GCI"]
[Date "2003.10.24"]
[Round "6"]
[White "Ellison, Derek George"]
[Black "Burrows, M.."]
[Result "0-1"]
[WhiteElo "2116"]
[BlackElo "2196"]
[PlyCount "46"]
[EventDate "2003.10.19"]

1. e4 c5 2. c3 d5 3. exd5 Qxd5 4. d4 e6 5. Nf3 Nc6 6. Be3 cxd4 7. cxd4 Nf6 8.
Nc3 Qd6 9. h3 Be7 10. a3 O-O 11. Bc4 b6 12. b4 Bb7 13. O-O Rac8 14. Qb3 a5 15.
Na4 axb4 16. Nxb6 Rb8 17. Be2 bxa3 18. Nc4 Qd5 19. Rfd1 Ba6 20. Qa2 Ne4 21.
Rac1 Rb2 22. Nxb2 Qxa2 23. Bxa6 axb2 0-1

[Event "Guernsey Open XXIX"]
[Site "St Peter Port GCI"]
[Date "2003.10.24"]
[Round "6"]
[White "Brown, Alan M"]
[Black "Dorrington, Christopher"]
[Result "1/2-1/2"]
[WhiteElo "2128"]
[BlackElo "2218"]
[PlyCount "146"]
[EventDate "2003.10.19"]

1. d4 d5 2. Nf3 Nf6 3. c4 dxc4 4. Nc3 e6 5. Bg5 Bb4 6. e3 c5 7. Bxc4 h6 8. Bh4
O-O 9. O-O cxd4 10. exd4 Nbd7 11. Rc1 Be7 12. Qe2 Nb6 13. Bb3 Bd7 14. Rfd1 Bc6
15. Ne5 Nbd5 16. Nxc6 bxc6 17. Ne4 Nxe4 18. Bxe7 Qxe7 19. Qxe4 Rfc8 20. Rxc6
Rd8 21. Rdc1 Nf6 22. Qe3 Qb4 23. R1c4 Qb5 24. h3 a5 25. Qe5 Qb7 26. Rc7 Qb6 27.
Qc5 Qd6 28. Qxd6 Rxd6 29. Rc8+ Rxc8 30. Rxc8+ Kh7 31. Ra8 Rxd4 32. Bc2+ g6 33.
Rxa5 Nd5 34. a3 Rc4 35. Bb3 Rc1+ 36. Kh2 Rb1 37. Bxd5 exd5 38. b4 d4 39. Rd5
Rb3 40. Rxd4 Rxa3 41. g3 h5 42. Kg2 Rb3 43. h4 Kg7 44. Kf1 f6 45. Ke2 g5 46.
Kd2 Rf3 47. Ke2 Rb3 48. Re4 Kg6 49. Kd2 Rf3 50. Ke2 Rb3 51. Rc4 Kg7 52. Rd4 Kg6
53. Kd2 Rf3 54. b5 Rxf2+ 55. Kc3 Rg2 56. b6 Rxg3+ 57. Rd3 Rg1 58. Kc4 Re1 59.
b7 Re8 60. Rb3 Rb8 61. Kd5 gxh4 62. Kc6 Kg5 63. Kc7 Rxb7+ 64. Kxb7 f5 65. Kc6
Kg4 66. Kd5 h3 67. Ke5 h2 68. Rb4+ Kg3 69. Rb3+ Kg4 70. Rb4+ f4 71. Rxf4+ Kg3
72. Rf1 h4 73. Ra1 Kg2 1/2-1/2

[Event "Guernsey Open XXIX"]
[Site "St Peter Port GCI"]
[Date "2003.10.24"]
[Round "6"]
[White "Ballon, Guenther Jan"]
[Black "Goldberg, Menashe G"]
[Result "1-0"]
[WhiteElo "2215"]
[BlackElo "2018"]
[PlyCount "47"]
[EventDate "2003.10.19"]

1. d4 Nf6 2. c4 e5 3. dxe5 Ng4 4. Bf4 Nc6 5. Nf3 f6 6. exf6 Qxf6 7. Qd2 Bb4 8.
Nc3 O-O 9. Bg3 d6 10. e3 Be6 11. a3 Bxc3 12. Qxc3 Nce5 13. Be2 Nxf3+ 14. Bxf3
Ne5 15. Bd5 Rae8 16. O-O Qf7 17. Rad1 c6 18. Bxe6 Rxe6 19. c5 Ng4 20. cxd6 Nf6
21. Qd4 Nd7 22. Qxa7 Rf6 23. Qxb7 Rb8 24. Qxc6 1-0

[Event "Guernsey Open XXIX"]
[Site "St Peter Port GCI"]
[Date "2003.10.24"]
[Round "6"]
[White "Eckersley Waites, Tom"]
[Black "Eckersley Waites, Adam"]
[Result "1-0"]
[WhiteElo "2133"]
[BlackElo "2000"]
[PlyCount "63"]
[EventDate "2003.10.19"]

1. Nf3 c5 2. b3 Nc6 3. Bb2 d5 {(=)} 4. c4 d4 5. g3 g6 6. Bg2 Bg7 7. O-O e5 8.
e3 Nf6 9. Nxe5 Nxe5 10. exd4 cxd4 11. Re1 Nfg4 12. f4 O-O 13. fxe5 d3 14. Re4
f5 15. Rd4 Qb6 16. Qc1 Bxe5 17. Bd5+ Kg7 18. c5 Qf6 19. Qc4 f4 20. Rxf4 Bxb2
21. Rxf6 Nxf6 22. Nc3 Bxa1 23. Qxd3 Nxd5 24. Nxd5 Bh3 25. Nf4 Rad8 26. Qb5 Bd4+
27. Kh1 Rde8 28. Nxh3 Re1+ 29. Kg2 Kh6 30. Qc4 Rd8 31. Nf4 Rd7 32. Ne6 1-0